000 00329nam a2200121 a 4500
001 4144
005 20140414132001.0
008 090317s19uu xx 00 eng d
050 _aTR 372.44
_bR31 2002
100 _aReutzel, D. Ray
245 _aYour classroom library :
_bnew ways to give it more teaching power.
999 _c113077
_d113077